01028nam a2200253 i 450000100060000000300090000600500170001500700030003200800410003508000200007608000120009610000420010824501090015026000420025930000380030149000630033959900340040260000700043670000390050683000710054585200210061699900170063795201200065434242ES-MaACL20250823063035.0t|030204s1935 sp ||||1| spa d a929 Vives, Luis a371(16)1 aVives, Juan Luis, d1492-1540911557410aLuis Vives : bla pedagogía científica y la instrucción de la mujer / cRufino Blanco y Sánchez. aMadrid : b[s.n., c1935] (fHernado) a345 p., 1 h. de lám. ; c17 cm.1 aColección para padres y maestros. Pedagogía española aLám.: retrato de Luis Vives14aVives, Juan Luis, d1492-1540- xPensamiento pedagógico91155771 aBlanco y Sánchez, Rufino.9293111 aColección para padres y maestros. Pedagogía española92294864 aES-MaACLjA-4411 c34242d34242 00104070aATENEOMbATENEOMcSPP1d2008-01-17eSCl0oA-4411p1035709r2023-02-23 00:00:00w2023-02-23yMONOGRAFIA